Blitz: Animal, Vegetable or Mineral? (A) Quiz Stats

 Plays Quiz Updated Sep 8, 2015

Score 0/20 Timer 01:30
4 Plays Today
Word Answer % Correct
Arthropod???
81%
Asbestos???
76.8%
Aphid???
74.8%
Agave???
70.6%
Alabaster???
67.5%
Acacia???
66.5%
Aquifer???
61.5%
Abalone???
60.2%
Apteryx???
59.6%
Argonaut???
56%
Word Answer % Correct
Amphisbaena???
54.6%
Amaryllis???
50.8%
Anatase???
48%
Araujia???
45.7%
ArĂȘte???
40.8%
Ai???
39.5%
Amaranth???
35.5%
Abele???
32.2%
Aconcagua???
26.4%
Aeonium???
13.9%

You're not logged in!

Compare scores with friends on all Sporcle quizzes.
OR
Log In

Show Comments

Extras

Top Quizzes Today


Score Distribution

Your Account Isn't Verified!

In order to create a playlist on Sporcle, you need to verify the email address you used during registration. Go to your Sporcle Settings to finish the process.

Report this User

Report this user for behavior that violates our Community Guidelines.

Details: